000 00792nam a22002297a 4500
005 20241008115433.0
010 _aB-745278 ENG-141952
020 _a9789390315536
_c350.00
035 _aB-745278
035 _aEN-125484
037 _bDBAD
100 _aAnand, Arun
_972455
245 _aRamjanmabhoomi:
_bTruth.Evidence.Faith/
_cBy Arun Anand [and] Vinay Nalwa
250 _a2020
260 _aNew Delhi
_bPrabhat Prakashan
_c2020
270 _a4/19 Asaf Ali Road
_bNew Delhi
_e110002
_mprabhatbooks@gmail.com
300 _a167p.
_bill
_c22cm(hbk)
500 _aContains Annexures and Bibliography
700 _aNalwa, Vinay
_eAuthor
_972456
942 _2ddc
_cEN
_e2020
_mANA
_h230.095413
999 _c189606
_d189606